00798nam a2200181 i 450000100060000000300090000600500170001500700030003200800410003510000400007624501430011626000580025930000300031750001100034765000320045771001010048985200260059073303ES-MaACL20240511063023.0t|040928q1908 sp ||||1| spa d1 aGómez Ocaña, José,d1860-191910aDatos para el estudio del peristaltismo intestinal / cpor José Gómez Ocaña, memoria leida en la sesión del 23 de octubre de 1908. aMadrid : b[s.n., c1908?] (fImpr. de Eduardo Arias) a6 p., 7 lám. ; c24 cm. aEs tirada aparte del Congreso de Zaragoza de la Asociación Española para el Progreso de las Ciencias. 4aMotilidad gastrointestinal.2 aAsociación Española para el Progreso de las Ciencias. bCongreso (n1º. d1908. cZaragoza) aES-MaACLjT-1249-F-16